[Event "Guernsey op 46th"]
[Site "St James"]
[Date "2022.10.19"]
[Round "4"]
[White "Finch, Russell"]
[Black "Rutten, David"]
[Result "0-1"]
[WhiteElo "1613"]
[BlackElo "1750"]
[PlyCount "76"]
[EventDate "2022.10.16"]
[EventType "swiss"]
[EventRounds "7"]
[EventCountry "GCI"]
[SourceTitle "EXT 2024"]
[Source "ChessBase"]
[SourceDate "2023.10.10"]
[SourceVersion "1"]
[SourceVersionDate "2023.10.10"]
[SourceQuality "1"]

1. Nf3 d5 2. g3 Nf6 3. Bg2 c6 4. d3 Bg4 5. Nbd2 Nbd7 6. 0-0 e5 7. e4 dxe4 8. dxe4 Bc5 9. Qe2 0-0 10. Re1 Re8 11. Nf1 Nf8 12. c3 Qc7 13. Qc2 Ne6 14. Be3 Rad8 15. Rad1 Bh5 16. Bxc5 Nxc5 17. Rxd8 Rxd8 18. N1d2 b5 19. h3 Qd6 20. g4 Bg6 21. Nb3 Ncxe4 22. Nxe5 Qxe5 23. f3 Nd6 24. Rxe5 Bxc2 25. Nd4 Nd7 26. Nxc6 Nxe5 27. Nxd8 g5 28. Nb7 Nxb7 29. f4 gxf4 30. Bxb7 Kg7 31. Kg2 Kg6 32. Bd5 f5 33. b3 fxg4 34. hxg4 Kg5 35. c4 bxc4 36. bxc4 Kxg4 37. c5 Ba4 38. Be4 Bc6 0-1

[Event "ST-2022-0-00217"]
[Site "LSS email"]
[Date "2022.03.30"]
[Round "?"]
[White "Nichols, Scott"]
[Black "Rutten, David"]
[Result "1/2-1/2"]
[WhiteElo "2341"]
[BlackElo "2355"]
[PlyCount "53"]
[EventDate "2022.01.31"]
[EventType "tourn (corr)"]
[EventRounds "6"]
[EventCountry "GER"]
[SourceTitle "Corr 2024"]
[Source "ChessBase"]
[SourceDate "2023.10.19"]
[SourceVersion "1"]
[SourceVersionDate "2023.10.19"]
[SourceQuality "1"]

1. e4 c5 2. Nf3 d6 3. Bb5+ Nd7 4. 0-0 a6 5. Bd3 Ngf6 6. Re1 e6 7. c3 b5 8. Bc2 c4 9. a4 Bb7 10. d4 cxd3 11. Qxd3 Nc5 12. Qe2 bxa4 13. Be3 Nfd7 14. Bd4 e5 15. Bxc5 Nxc5 16. Rd1 Qb6 17. Bxa4+ Nxa4 18. Rxa4 Be7 19. c4 Bc6 20. Ra2 0-0 21. Nc3 a5 22. Nd5 Bxd5 23. Rxd5 a4 24. Nd2 Rfc8 25. g3 Bg5 26. Nf3 Be7 27. Nd2 1/2-1/2

[Event "ST-2022-0-00217"]
[Site "LSS email"]
[Date "2022.03.30"]
[Round "?"]
[White "Rutten, David"]
[Black "Koch, Christian"]
[Result "1/2-1/2"]
[WhiteElo "2355"]
[BlackElo "2352"]
[PlyCount "42"]
[EventDate "2022.01.31"]
[EventType "tourn (corr)"]
[EventRounds "6"]
[EventCountry "GER"]
[SourceTitle "Corr 2024"]
[Source "ChessBase"]
[SourceDate "2023.10.19"]
[SourceVersion "1"]
[SourceVersionDate "2023.10.19"]
[SourceQuality "1"]

1. d4 Nf6 2. c4 e6 3. Nf3 d5 4. Nc3 Bb4 5. Bg5 h6 6. Bxf6 Qxf6 7. e3 c5 8. cxd5 exd5 9. Be2 0-0 10. 0-0 Bxc3 11. bxc3 Be6 12. Ne5 Qe7 13. Rb1 b6 14. Bf3 Nd7 15. Nxd7 Qxd7 16. dxc5 bxc5 17. Rb2 Rab8 18. Rd2 Rfd8 19. Bxd5 Bxd5 20. c4 Bf3 21. Rxd7 Bxd1 1/2-1/2

[Event "ST-2022-0-00214"]
[Site "LSS email"]
[Date "2022.02.12"]
[Round "?"]
[White "Rutten, David"]
[Black "Enev, Zlatko"]
[Result "1/2-1/2"]
[WhiteElo "2360"]
[BlackElo "2381"]
[PlyCount "63"]
[EventDate "2021.12.07"]
[EventType "tourn (corr)"]
[EventRounds "6"]
[EventCountry "GER"]
[SourceTitle "Corr 2024"]
[Source "ChessBase"]
[SourceDate "2023.10.19"]
[SourceVersion "1"]
[SourceVersionDate "2023.10.19"]
[SourceQuality "1"]

1. d4 Nf6 2. c4 c5 3. d5 b5 4. cxb5 a6 5. bxa6 e6 6. Nc3 exd5 7. Nxd5 Be7 8. Nxe7 Qxe7 9. Bf4 d5 10. e3 0-0 11. Nf3 h6 12. a7 Nc6 13. Be2 Rxa7 14. 0-0 Ba6 15. h3 Rd8 16. Bxa6 Rxa6 17. a3 Ne4 18. Qc2 c4 19. b3 Rxa3 20. Rxa3 Qxa3 21. bxc4 Nb4 22. Qd1 Nd3 23. cxd5 Rxd5 24. Qb1 Qa6 25. Bg3 Qb5 26. Qxb5 Rxb5 27. Nd4 Rb2 28. Nf5 h5 29. f3 Nxg3 30. Nxg3 h4 31. Nf5 Rb5 32. e4 1/2-1/2

[Event "ST-2022-0-00214"]
[Site "LSS email"]
[Date "2022.02.12"]
[Round "?"]
[White "Willmann, Bernd"]
[Black "Rutten, David"]
[Result "1/2-1/2"]
[WhiteElo "2363"]
[BlackElo "2360"]
[PlyCount "63"]
[EventDate "2021.12.07"]
[EventType "tourn (corr)"]
[EventRounds "6"]
[EventCountry "GER"]
[SourceTitle "Corr 2024"]
[Source "ChessBase"]
[SourceDate "2023.10.19"]
[SourceVersion "1"]
[SourceVersionDate "2023.10.19"]
[SourceQuality "1"]

1. e4 c5 2. Nf3 d6 3. d4 cxd4 4. Nxd4 Nf6 5. Nc3 a6 6. h3 e5 7. Nde2 h5 8. g3 Be6 9. Bg2 b5 10. a4 b4 11. Nd5 Nxd5 12. exd5 Bf5 13. c3 bxc3 14. Nxc3 Be7 15. a5 Nd7 16. 0-0 Rb8 17. Ra3 h4 18. g4 Bg6 19. Qe2 0-0 20. Be3 Nc5 21. Bxc5 dxc5 22. Ra4 Qd6 23. Re1 Rb7 24. Rc4 Rfb8 25. Na4 Rb5 26. f4 f6 27. g5 Bf8 28. Rf1 exf4 29. gxf6 Rb4 30. Nb6 Re8 31. Qg4 Qxf6 32. Rcxf4 1/2-1/2

[Event "RM-2022-0-00256"]
[Site "LSS email"]
[Date "2022.02.04"]
[Round "?"]
[White "Rutten, David"]
[Black "Bernal Varela, Nelson"]
[Result "1/2-1/2"]
[WhiteElo "2360"]
[BlackElo "2399"]
[PlyCount "79"]
[EventDate "2022.01.15"]
[EventType "tourn (corr)"]
[EventRounds "6"]
[EventCountry "GER"]
[SourceTitle "Corr 2024"]
[Source "ChessBase"]
[SourceDate "2023.10.19"]
[SourceVersion "1"]
[SourceVersionDate "2023.10.19"]
[SourceQuality "1"]

1. e4 c5 2. Nf3 e6 3. d4 cxd4 4. Nxd4 Nc6 5. Nc3 a6 6. Nxc6 bxc6 7. Bd3 d5 8. 0-0 Nf6 9. Re1 Be7 10. e5 Nd7 11. Qg4 Kf8 12. b3 Bb7 13. Nb1 h5 14. Qf3 Kg8 15. Nd2 a5 16. Rb1 g6 17. h3 Kg7 18. c3 c5 19. Qf4 Bg5 20. Qg3 Bh4 21. Qf3 Be7 22. Qf4 Rc8 23. Nf3 d4 24. cxd4 Bxf3 25. Qxf3 cxd4 26. Bb2 Bb4 27. Re4 Bc3 28. Ba3 Nc5 29. Bxc5 Rxc5 30. a3 Qe7 31. b4 axb4 32. axb4 Rc7 33. b5 Ba5 34. Rxd4 Rb8 35. Qf4 Rc5 36. Rd6 Bc3 37. Rc6 Rxc6 38. bxc6 Rxb1+ 39. Bxb1 Ba5 40. g3 1/2-1/2

[Event "RM-2022-0-00256"]
[Site "LSS email"]
[Date "2022.02.04"]
[Round "?"]
[White "Rutten, David"]
[Black "Usmanoff, Rustam"]
[Result "1/2-1/2"]
[WhiteElo "2360"]
[BlackElo "2202"]
[PlyCount "71"]
[EventDate "2022.01.15"]
[EventType "tourn (corr)"]
[EventRounds "6"]
[EventCountry "GER"]
[SourceTitle "Corr 2024"]
[Source "ChessBase"]
[SourceDate "2023.10.19"]
[SourceVersion "1"]
[SourceVersionDate "2023.10.19"]
[SourceQuality "1"]

1. d4 Nf6 2. c4 e6 3. Nf3 d5 4. Nc3 c6 5. e3 Nbd7 6. Qc2 Bd6 7. Bd3 0-0 8. 0-0 dxc4 9. Bxc4 b5 10. Bd3 Bb7 11. a3 a5 12. e4 e5 13. dxe5 Nxe5 14. Nxe5 Bxe5 15. h3 Ba6 16. Rd1 Qe7 17. Be3 b4 18. Na4 Bxd3 19. Rxd3 Nxe4 20. Rad1 Rfe8 21. axb4 axb4 22. Qxc6 Rac8 23. Rd7 Qf8 24. Qb5 h6 25. Nb6 Rb8 26. Qc4 Bxb2 27. Rc7 Bc3 28. Rdd7 Nd6 29. Qd3 Re6 30. Nd5 Bf6 31. Qb3 Rd8 32. Qxb4 Rxd7 33. Rxd7 Ne4 34. Qb7 Bd8 35. Bd4 Bf6 36. Nxf6+ 1/2-1/2

[Event "RM-2022-0-00252"]
[Site "LSS email"]
[Date "2022.01.09"]
[Round "?"]
[White "Koch, Christian"]
[Black "Rutten, David"]
[Result "1/2-1/2"]
[WhiteElo "2371"]
[BlackElo "2367"]
[PlyCount "41"]
[EventDate "2021.12.15"]
[EventType "tourn (corr)"]
[EventRounds "6"]
[EventCountry "GER"]
[SourceTitle "Corr 2024"]
[Source "ChessBase"]
[SourceDate "2023.10.19"]
[SourceVersion "1"]
[SourceVersionDate "2023.10.19"]
[SourceQuality "1"]

1. e4 c5 2. Nc3 d6 3. Nge2 Nf6 4. d4 cxd4 5. Nxd4 a6 6. Bg5 Nbd7 7. Bc4 Qb6 8. Bb3 e6 9. a4 Qa5 10. Qd2 h6 11. Bxf6 Nxf6 12. f4 Nd7 13. 0-0-0 Nc5 14. f5 Bd7 15. Kb1 0-0-0 16. Rhf1 Kb8 17. fxe6 fxe6 18. Qe3 Be7 19. Qg3 Bf6 20. Qxd6+ Qc7 21. Qxc7+ 1/2-1/2

[Event "RM-2022-0-00252"]
[Site "LSS email"]
[Date "2022.01.09"]
[Round "?"]
[White "Rutten, David"]
[Black "Rolle, Hannes"]
[Result "1/2-1/2"]
[WhiteElo "2367"]
[BlackElo "2271"]
[PlyCount "85"]
[EventDate "2021.12.15"]
[EventType "tourn (corr)"]
[EventRounds "6"]
[EventCountry "GER"]
[SourceTitle "Corr 2024"]
[Source "ChessBase"]
[SourceDate "2023.10.19"]
[SourceVersion "1"]
[SourceVersionDate "2023.10.19"]
[SourceQuality "1"]

1. e4 c5 2. Nf3 d6 3. d4 cxd4 4. Nxd4 Nf6 5. Nc3 a6 6. Be3 e5 7. Nb3 Be6 8. f3 h5 9. Qd2 Nbd7 10. Nd5 Bxd5 11. exd5 g6 12. Be2 Bg7 13. Na5 Qc7 14. c4 e4 15. 0-0 exf3 16. gxf3 0-0 17. b4 Rfe8 18. Rac1 b6 19. Nc6 Ne5 20. Nxe5 Rxe5 21. Bd3 a5 22. Bf4 Ree8 23. c5 axb4 24. cxd6 Qd7 25. Rc7 Qh3 26. Bb5 Red8 27. Be5 Ra5 28. Bc6 Qf5 29. Re7 Bf8 30. h4 Nd7 31. Bd4 Nc5 32. Rfe1 Qxf3 33. Qg5 Rxa2 34. Rxf7 Qg2+ 35. Qxg2 Rxg2+ 36. Kxg2 Kxf7 37. Rf1+ Kg8 38. Bf6 Rxd6 39. Be5 Rd8 40. Bc7 Rc8 41. d6 Kh8 42. Bd5 b3 43. Bxb3 1/2-1/2

[Event "RM-2022-0-00252"]
[Site "LSS email"]
[Date "2022.01.09"]
[Round "?"]
[White "Tyutyunnik, Roman"]
[Black "Rutten, David"]
[Result "1/2-1/2"]
[WhiteElo "2273"]
[BlackElo "2367"]
[PlyCount "37"]
[EventDate "2021.12.15"]
[EventType "tourn (corr)"]
[EventRounds "6"]
[EventCountry "GER"]
[SourceTitle "Corr 2024"]
[Source "ChessBase"]
[SourceDate "2023.10.19"]
[SourceVersion "1"]
[SourceVersionDate "2023.10.19"]
[SourceQuality "1"]

1. d4 d5 2. Nf3 Nf6 3. c4 c6 4. e3 e6 5. b3 Nbd7 6. Bd3 Bd6 7. Bb2 0-0 8. 0-0 b6 9. Nbd2 Bb7 10. Ne5 c5 11. cxd5 exd5 12. f4 cxd4 13. exd4 Ne4 14. Nxe4 dxe4 15. Bc4 Nf6 16. Qe2 Qe7 17. Rac1 Rad8 18. a4 Ba3 19. Bxa3 1/2-1/2

[Event "RM-2021-0-00250"]
[Site "LSS email"]
[Date "2021.12.29"]
[Round "?"]
[White "Bordenave, Roberto"]
[Black "Rutten, David"]
[Result "1/2-1/2"]
[WhiteElo "2283"]
[BlackElo "2372"]
[PlyCount "35"]
[EventDate "2021.11.10"]
[EventType "tourn (corr)"]
[EventRounds "6"]
[EventCountry "GER"]
[SourceTitle "Corr 2024"]
[Source "ChessBase"]
[SourceDate "2023.10.19"]
[SourceVersion "1"]
[SourceVersionDate "2023.10.19"]
[SourceQuality "1"]

1. d4 d5 2. c4 c6 3. e3 Nf6 4. Nc3 e6 5. Nf3 Nbd7 6. Qc2 Bd6 7. Bd3 0-0 8. 0-0 dxc4 9. Bxc4 b5 10. Be2 Bb7 11. Rd1 Qc7 12. h3 b4 13. Na4 c5 14. dxc5 Bxc5 15. b3 Rac8 16. Bb2 Be7 17. Qxc7 Rxc7 18. Nd4 1/2-1/2

[Event "RM-2021-0-00250"]
[Site "LSS email"]
[Date "2021.12.29"]
[Round "?"]
[White "Sorcinelli, Andrea"]
[Black "Rutten, David"]
[Result "1/2-1/2"]
[WhiteElo "2340"]
[BlackElo "2372"]
[PlyCount "50"]
[EventDate "2021.11.10"]
[EventType "tourn (corr)"]
[EventRounds "6"]
[EventCountry "GER"]
[SourceTitle "Corr 2024"]
[Source "ChessBase"]
[SourceDate "2023.10.19"]
[SourceVersion "1"]
[SourceVersionDate "2023.10.19"]
[SourceQuality "1"]

1. e4 c5 2. Nf3 d6 3. d4 cxd4 4. Nxd4 Nf6 5. Nc3 a6 6. Be3 e5 7. Nb3 Be7 8. h3 Be6 9. f4 exf4 10. Bxf4 Nc6 11. Qe2 Nd7 12. 0-0-0 Nce5 13. Nd4 Rc8 14. Qe3 0-0 15. Kb1 Re8 16. Nf5 Bxf5 17. exf5 Nb6 18. Bxe5 Bg5 19. Qg3 Rxe5 20. Qxe5 dxe5 21. Rxd8+ Rxd8 22. Be2 Nd5 23. Nxd5 Rxd5 24. Bf3 Rd7 25. Rd1 Rxd1+ 1/2-1/2

[Event "CP-2016-S-00002"]
[Site "LSS email"]
[Date "2016.03.06"]
[Round "?"]
[White "Agrafenin, Andrey"]
[Black "Rutten, David"]
[Result "1-0"]
[WhiteElo "2247"]
[BlackElo "2383"]
[PlyCount "63"]
[EventDate "2016.03.10"]
[EventType "tourn (corr)"]
[EventRounds "7"]
[EventCountry "GER"]
[SourceTitle "Corr 2022"]
[Source "ChessBase"]
[SourceDate "2021.10.24"]
[SourceVersion "1"]
[SourceVersionDate "2021.10.24"]
[SourceQuality "1"]

1. d4 Nf6 2. c4 e6 3. Nf3 d5 4. Nc3 c6 5. Bg5 h6 6. Bh4 dxc4 7. e4 g5 8. Bg3 b5 9. h4 g4 10. Ne5 Bb4 11. Be2 Nxe4 12. 0-0 Bxc3 13. bxc3 Nd7 14. Bxg4 Nxg3 15. Nxc6 Qc7 16. fxg3 Bb7 17. d5 Bxc6 18. dxc6 Qxc6 19. Bh5 Rf8 20. Kh2 0-0-0 21. Qe2 Nc5 22. Rxf7 Rxf7 23. Bxf7 Kc7 24. Qe3 a5 25. Rb1 Rd5 26. Qxh6 Rf5 27. Bg6 Rf2 28. Rg1 Nd7 29. Qe3 Qb6 30. Qxb6+ Kxb6 31. g4 Rxa2 32. Re1 1-0

[Event "CP-2016-S-00002"]
[Site "LSS email"]
[Date "2016.03.06"]
[Round "?"]
[White "Roberts, Anthony"]
[Black "Rutten, David"]
[Result "1/2-1/2"]
[WhiteElo "2344"]
[BlackElo "2383"]
[PlyCount "53"]
[EventDate "2016.03.10"]
[EventType "tourn (corr)"]
[EventRounds "7"]
[EventCountry "GER"]
[SourceTitle "Corr 2022"]
[Source "ChessBase"]
[SourceDate "2021.10.24"]
[SourceVersion "1"]
[SourceVersionDate "2021.10.24"]
[SourceQuality "1"]

1. e4 c5 2. Nf3 d6 3. d4 cxd4 4. Nxd4 Nf6 5. Nc3 a6 6. Bg5 e6 7. f4 Qb6 8. Qd2 Qxb2 9. Rb1 Qa3 10. e5 h6 11. Bh4 dxe5 12. fxe5 g5 13. exf6 gxh4 14. Be2 Qa5 15. 0-0 Nd7 16. Kh1 Qg5 17. Rf4 e5 18. Nd5 exd4 19. Qxd4 Kd8 20. Ne7 Qe5 21. Qd2 Bxe7 22. fxe7+ Qxe7 23. Bg4 f5 24. Rxf5 Re8 25. Rd1 Kc7 26. Rf7 Qxf7 27. Qd6+ 1/2-1/2

[Event "SM-2015-0-00343"]
[Site "LSS email"]
[Date "2015.12.08"]
[Round "?"]
[White "Rutten, David"]
[Black "Astroukh, Vitalij"]
[Result "1/2-1/2"]
[WhiteElo "2372"]
[BlackElo "2330"]
[PlyCount "81"]
[EventDate "2015.11.02"]
[EventType "tourn (corr)"]
[EventRounds "6"]
[EventCountry "GER"]
[SourceTitle "Corr 2022"]
[Source "ChessBase"]
[SourceDate "2021.10.24"]
[SourceVersion "1"]
[SourceVersionDate "2021.10.24"]
[SourceQuality "1"]

1. d4 Nf6 2. c4 g6 3. Nc3 Bg7 4. e4 d6 5. Nf3 0-0 6. Be2 e5 7. Be3 Ng4 8. Bg5 f6 9. Bh4 Nc6 10. d5 Ne7 11. Nd2 Nh6 12. f3 c5 13. dxc6 bxc6 14. b4 Be6 15. Nb3 d5 16. Bf2 d4 17. Na4 g5 18. Nac5 Bc8 19. 0-0 Ng6 20. Na5 Qc7 21. Qa4 Nf4 22. Bd1 Rf7 23. Qxc6 Qxc6 24. Nxc6 Rc7 25. b5 Bf8 26. Nb3 Nf7 27. Nba5 Bc5 28. g3 Nh3+ 29. Kg2 Nxf2 30. Rxf2 Bd7 31. Rb1 Kg7 32. Nb4 Nd6 33. Na6 Rcc8 34. Nxc5 Rxc5 35. Be2 Be6 36. Nb3 Rcc8 37. c5 Bxb3 38. cxd6 Bc2 39. Rc1 g4 40. Kg1 gxf3 41. d7 1/2-1/2

[Event "SM-2015-0-00343"]
[Site "LSS email"]
[Date "2015.12.08"]
[Round "?"]
[White "Rutten, David"]
[Black "Dos Santos, M A"]
[Result "1/2-1/2"]
[WhiteElo "2372"]
[BlackElo "2363"]
[PlyCount "50"]
[EventDate "2015.11.02"]
[EventType "tourn (corr)"]
[EventRounds "6"]
[EventCountry "GER"]
[SourceTitle "Corr 2022"]
[Source "ChessBase"]
[SourceDate "2021.10.24"]
[SourceVersion "1"]
[SourceVersionDate "2021.10.24"]
[SourceQuality "1"]

1. d4 Nf6 2. c4 g6 3. Nc3 d5 4. Nf3 Bg7 5. cxd5 Nxd5 6. e4 Nxc3 7. bxc3 c5 8. Rb1 cxd4 9. cxd4 0-0 10. Be2 Qa5+ 11. Bd2 Qxa2 12. 0-0 Bg4 13. Bg5 h6 14. Be3 Nc6 15. d5 Ne5 16. Rxb7 a5 17. Rxe7 a4 18. Bd4 Nxf3+ 19. Bxf3 Bxf3 20. gxf3 Bxd4 21. Qxd4 a3 22. d6 Qb2 23. Qd5 Qf6 24. e5 Qf5 25. Qe4 Qxe4 1/2-1/2

[Event "SM-2015-0-00340"]
[Site "LSS email"]
[Date "2015.11.04"]
[Round "?"]
[White "Rutten, David"]
[Black "Rodrigues, Antonio"]
[Result "1/2-1/2"]
[WhiteElo "2370"]
[BlackElo "2249"]
[PlyCount "84"]
[EventDate "2015.09.27"]
[EventType "tourn (corr)"]
[EventRounds "6"]
[EventCountry "GER"]
[SourceTitle "Corr 2022"]
[Source "ChessBase"]
[SourceDate "2021.10.24"]
[SourceVersion "1"]
[SourceVersionDate "2021.10.24"]
[SourceQuality "1"]

1. d4 Nf6 2. c4 e6 3. Nf3 b6 4. g3 Ba6 5. Qa4 Bb7 6. Bg2 c5 7. dxc5 bxc5 8. 0-0 Be7 9. Nc3 0-0 10. Rd1 Qb6 11. Bf4 d6 12. Rab1 Nbd7 13. b4 Rfb8 14. Be3 Bc6 15. Qc2 Qc7 16. b5 Bb7 17. a4 Nb6 18. Qd3 a5 19. Bd2 Rd8 20. e4 Nfd7 21. Bf1 Bf6 22. Qc2 Re8 23. Rbc1 h6 24. h3 Be5 25. Be2 Bf6 26. Re1 Bd4 27. Nd1 Qd8 28. Ne3 Nf6 29. Bd3 d5 30. cxd5 Bxe3 31. Bxe3 exd5 32. exd5 Qxd5 33. Be2 Nfd7 34. Kh2 Re4 35. Red1 Qe6 36. Nh4 g5 37. Nf5 Qxf5 38. Bg4 Qf6 39. Bxd7 Nc4 40. Bxc5 Ne5 41. Bc6 Bxc6 42. bxc6 Qxc6 1/2-1/2

[Event "SM-2015-0-00332"]
[Site "LSS email"]
[Date "2015.08.12"]
[Round "?"]
[White "Rutten, David"]
[Black "Demchenko, Sergey Pavlovich"]
[Result "1-0"]
[WhiteElo "2358"]
[BlackElo "2309"]
[PlyCount "85"]
[EventDate "2015.06.21"]
[EventType "tourn (corr)"]
[EventRounds "6"]
[EventCountry "GER"]
[SourceTitle "Corr 2022"]
[Source "ChessBase"]
[SourceDate "2021.10.24"]
[SourceVersion "1"]
[SourceVersionDate "2021.10.24"]
[SourceQuality "1"]

1. e4 c5 2. Nf3 d6 3. d4 cxd4 4. Nxd4 Nf6 5. Nc3 g6 6. Be3 Bg7 7. f3 0-0 8. Qd2 Nc6 9. Bc4 Bd7 10. 0-0-0 Rc8 11. Bb3 Ne5 12. Kb1 Re8 13. h4 h5 14. g4 hxg4 15. h5 Nxh5 16. Bh6 Bf6 17. Nd5 gxf3 18. Rdg1 e6 19. Nxf6+ Qxf6 20. Be3 Rc5 21. Rxh5 Nc4 22. Bxc4 Rxh5 23. Rf1 Rh3 24. Qd1 Rc8 25. Bd3 f2 26. Rxf2 Qh8 27. Nf3 Rh1 28. Rf1 Rxf1 29. Qxf1 a5 30. Bd2 Rc5 31. e5 Bc6 32. Be3 Rd5 33. Ng5 Qg7 34. exd6 Rxd6 35. Qf4 Rd5 36. a4 e5 37. Qf1 f6 38. Ne4 f5 39. Nc3 Rxd3 40. Qxd3 Qd7 41. Qc4+ Qf7 42. Qc5 f4 43. Bf2 1-0

[Event "Maastricht Limburg op-B 9th"]
[Site "Maastricht"]
[Date "2015.05.23"]
[Round "2"]
[White "Rutten, David"]
[Black "De Boer, Bas"]
[Result "1-0"]
[WhiteElo "1826"]
[BlackElo "1763"]
[PlyCount "105"]
[EventDate "2015.05.22"]
[EventType "swiss"]
[EventRounds "7"]
[EventCountry "NED"]
[SourceTitle "EXT 2016"]
[Source "ChessBase"]
[SourceDate "2015.10.08"]
[SourceVersion "1"]
[SourceVersionDate "2015.10.08"]
[SourceQuality "1"]

1. d4 d5 2. Nf3 Nf6 3. e3 c6 4. c4 Bf5 5. Nc3 e6 6. Nh4 Bg6 7. Nxg6 hxg6 8. Bd2 Nbd7 9. g3 dxc4 10. Bxc4 Nb6 11. Be2 Bb4 12. 0-0 Qc7 13. Rc1 Bxc3 14. bxc3 0-0-0 15. a4 Rh3 16. Kg2 Rdh8 17. Rh1 Ne4 18. Bf3 Nxf2 19. Kxf2 Rxh2+ 20. Rxh2 Rxh2+ 21. Bg2 Nc4 22. Qe2 Nd6 23. e4 f5 24. exf5 exf5 25. Qe6+ Qd7 26. Qxd7+ Kxd7 27. Kg1 Rh8 28. Re1 Nf7 29. Bf1 Nh6 30. Bg5 Re8 31. Rxe8 Kxe8 32. Bc4 Nf7 33. Bxf7+ Kxf7 34. Kf2 Ke6 35. Ke3 Kd5 36. Kd3 b5 37. a5 a6 38. Be3 Ke6 39. c4 Kf6 40. Bf4 g5 41. Be5+ Kf7 42. cxb5 cxb5 43. d5 g6 44. Kd4 Ke7 45. Kc5 Kd7 46. d6 f4 47. g4 f3 48. Bg3 Kd8 49. Bf2 Kd7 50. Bg3 Kd8 51. Kc6 b4 52. d7 b3 53. Bc7+ 1-0

[Event "SM-2015-0-00324"]
[Site "LSS email"]
[Date "2015.04.23"]
[Round "?"]
[White "Rutten, David"]
[Black "Willmann, Bernd"]
[Result "1-0"]
[WhiteElo "2355"]
[BlackElo "2260"]
[PlyCount "99"]
[EventDate "2015.03.02"]
[EventType "tourn (corr)"]
[EventRounds "6"]
[EventCountry "GER"]
[SourceTitle "Corr 2022"]
[Source "ChessBase"]
[SourceDate "2021.10.24"]
[SourceVersion "1"]
[SourceVersionDate "2021.10.24"]
[SourceQuality "1"]

1. e4 e5 2. Nf3 Nc6 3. Bb5 a6 4. Ba4 Nf6 5. 0-0 Be7 6. Re1 b5 7. Bb3 0-0 8. h3 d6 9. c3 Na5 10. Bc2 c5 11. d4 cxd4 12. cxd4 Qc7 13. Nbd2 Bb7 14. d5 Rac8 15. Bd3 Nd7 16. Nf1 f5 17. b3 f4 18. Bd2 Nc5 19. Qb1 Nxd3 20. Qxd3 Ba8 21. Rac1 Qb6 22. g3 Rxc1 23. Rxc1 Nb7 24. b4 a5 25. a3 fxg3 26. Nxg3 axb4 27. axb4 Nd8 28. Nf5 Qb7 29. N3h4 Bxh4 30. Nxh4 Nf7 31. Qg3 Qd7 32. Kh2 Nh8 33. f4 Ng6 34. Nxg6 hxg6 35. fxe5 dxe5 36. Bc3 Rc8 37. Rg1 Qf7 38. Qxe5 Re8 39. Rf1 Qd7 40. Qd4 Qc7+ 41. Kg2 Bb7 42. Rf3 Qe7 43. Rf4 Rc8 44. Qe5 Qxe5 45. Bxe5 Re8 46. Ba1 g5 47. Rg4 Bc8 48. Rxg5 Rxe4 49. Rxg7+ Kf8 50. d6 1-0

[Event "SM-2015-0-00319"]
[Site "LSS email"]
[Date "2015.02.27"]
[Round "?"]
[White "Luzio, Norberto"]
[Black "Rutten, David"]
[Result "1/2-1/2"]
[WhiteElo "2320"]
[BlackElo "2356"]
[PlyCount "70"]
[EventDate "2015.02.02"]
[EventType "tourn (corr)"]
[EventRounds "6"]
[EventCountry "GER"]
[SourceTitle "Corr 2022"]
[Source "ChessBase"]
[SourceDate "2021.10.24"]
[SourceVersion "1"]
[SourceVersionDate "2021.10.24"]
[SourceQuality "1"]

1. d4 d5 2. c4 c6 3. Nf3 Nf6 4. e3 e6 5. Bd3 Nbd7 6. 0-0 dxc4 7. Bxc4 Bd6 8. Nc3 0-0 9. e4 e5 10. Bg5 Qe7 11. d5 Nb6 12. Bb3 h6 13. Bh4 Rd8 14. Qe2 a5 15. Qe3 Ra6 16. dxc6 bxc6 17. a3 a4 18. Ba2 Be6 19. Rad1 Bxa2 20. Nxa2 Nbd7 21. Rd2 Qe6 22. Rfd1 Bc5 23. Qe2 Rda8 24. Nc1 Be7 25. Nd3 c5 26. Bxf6 Qxf6 27. Nde1 Nf8 28. Rd5 Ne6 29. Qc4 Rb6 30. Nxe5 Rxb2 31. Ng4 Qf4 32. Nd3 Qxg4 33. Nxb2 Nf4 34. g3 Nh3+ 35. Kg2 Nf4+ 1/2-1/2

[Event "SM-2015-0-00319"]
[Site "LSS email"]
[Date "2015.02.27"]
[Round "?"]
[White "Rutten, David"]
[Black "Lubas, Jozef"]
[Result "1-0"]
[WhiteElo "2356"]
[BlackElo "2163"]
[PlyCount "61"]
[EventDate "2015.02.02"]
[EventType "tourn (corr)"]
[EventRounds "6"]
[EventCountry "GER"]
[SourceTitle "Corr 2022"]
[Source "ChessBase"]
[SourceDate "2021.10.24"]
[SourceVersion "1"]
[SourceVersionDate "2021.10.24"]
[SourceQuality "1"]

1. e4 c5 2. Nf3 d6 3. d4 cxd4 4. Nxd4 Nf6 5. Nc3 a6 6. h3 e5 7. Nde2 Be6 8. g4 Be7 9. Bg2 Nbd7 10. Ng3 0-0 11. g5 Ne8 12. h4 b5 13. f4 exf4 14. Nf5 f3 15. Qxf3 Ne5 16. Qg3 g6 17. Nh6+ Kh8 18. Bf4 Qc7 19. 0-0-0 Rc8 20. Kb1 Ng7 21. Bh3 Nh5 22. Bxe5+ dxe5 23. Qh2 Nf4 24. Nd5 Nxd5 25. Bxe6 Nc3+ 26. bxc3 fxe6 27. Rd3 b4 28. c4 Bc5 29. h5 Rf2 30. Qh3 Bd4 31. hxg6 1-0

[Event "SM-2015-0-00319"]
[Site "LSS email"]
[Date "2015.02.27"]
[Round "?"]
[White "Rutten, David"]
[Black "Steinke, Ruediger"]
[Result "1/2-1/2"]
[WhiteElo "2356"]
[BlackElo "2357"]
[PlyCount "42"]
[EventDate "2015.02.02"]
[EventType "tourn (corr)"]
[EventRounds "6"]
[EventCountry "GER"]
[SourceTitle "Corr 2022"]
[Source "ChessBase"]
[SourceDate "2021.10.24"]
[SourceVersion "1"]
[SourceVersionDate "2021.10.24"]
[SourceQuality "1"]

1. e4 e5 2. Nf3 Nc6 3. Bb5 Nf6 4. 0-0 Nxe4 5. d4 Nd6 6. Bxc6 dxc6 7. dxe5 Nf5 8. Qxd8+ Kxd8 9. Nc3 Ke8 10. h3 Be6 11. Rd1 Be7 12. Bg5 h5 13. Rd2 Rd8 14. Rad1 Rxd2 15. Rxd2 f6 16. Bf4 Bb4 17. exf6 Bxc3 18. bxc3 gxf6 19. a4 Rh7 20. Re2 Re7 21. Bxc7 Kf7 1/2-1/2